Nānā, eka śilpakāra; (Record no. 83545)

MARC details
000 -LEADER
fixed length control field 00822cam a22002531i 4500
001 - CONTROL NUMBER
control field sa 68010787
003 - CONTROL NUMBER IDENTIFIER
control field DLC
005 - DATE AND TIME OF LATEST TRANSACTION
control field 20260227112555.0
008 - FIXED-LENGTH DATA ELEMENTS--GENERAL INFORMATION
fixed length control field 860508s1967 ii ac b 000 0bhin
010 ## - LIBRARY OF CONGRESS CONTROL NUMBER
LC control number sa 68010787
035 ## - SYSTEM CONTROL NUMBER
System control number (OCoLC)13544823
040 ## - CATALOGING SOURCE
Original cataloging agency DLC
Transcribing agency NcD
Modifying agency NcD
-- DLC
042 ## - AUTHENTICATION CODE
Authentication code premarc
050 00 - LIBRARY OF CONGRESS CALL NUMBER
Classification number LA2385.N28
Item number B47
100 1# - MAIN ENTRY--PERSONAL NAME
Personal name Bhave, Savita R.,
Dates associated with a name 1933-
245 10 - TITLE STATEMENT
Title Nānā, eka śilpakāra;
Remainder of title Nā. Ga. Nāraḷakara vividha darśana./
Statement of responsibility, etc. lekhaka Savitā Ra. Bhāve.
250 ## - EDITION STATEMENT
Edition statement 1. āvr̥ttī.
260 ## - PUBLICATION, DISTRIBUTION, ETC.
Place of publication, distribution, etc. Puṇe :
Name of publisher, distributor, etc. Viśvakarmā Sāhityālaya,
Date of publication, distribution, etc. 1967.
300 ## - PHYSICAL DESCRIPTION
Extent 10, 383 p. :
Other physical details ill., ports. ;
Dimensions 22 cm.
500 ## - GENERAL NOTE
General note In Marathi.
504 ## - BIBLIOGRAPHY, ETC. NOTE
Bibliography, etc. note Includes bibliographical references.
600 10 - SUBJECT ADDED ENTRY--PERSONAL NAME
Personal name Naralkar, Narayan Ganesh,
Dates associated with a name 1892-1966.
650 #0 - SUBJECT ADDED ENTRY--TOPICAL TERM
Topical term or geographic name entry element Educators
Geographic subdivision India
-- Maharashtra
Form subdivision Biography.

No items available.

Powered by Koha